| 000 | 00369nam a22001577a 4500 | ||
|---|---|---|---|
| 003 | MACL | ||
| 005 | 20151219141149.0 | ||
| 008 | 151219b xxu||||| |||| 00| 0 eng d | ||
| 040 | _cMACL | ||
| 041 | _aEnglish | ||
| 082 | _a360/WIN | ||
| 100 |
_aJennings, Terry _921408 |
||
| 245 | _aWildlife Through The Seasons | ||
| 650 |
_aChildren Book _921410 |
||
| 942 |
_2ddc _cBK |
||
| 999 |
_c51560 _d51560 |
||